[Event "Titled Tuesday intern op 16th Apr Early"]
[Site "Chess.com INT"]
[Date "2024.04.16"]
[Round "5"]
[White "Shaik, Sumer Arsh"]
[Black "Kunz, Andre"]
[Result "1-0"]
[WhiteElo "2089"]
[BlackElo "2183"]
[PlyCount "43"]
[EventDate "2024.04.16"]
[EventType "swiss (blitz)"]
[EventRounds "11"]
[EventCountry "USA"]
[SourceTitle "CB17_2024"]
[SourceDate "2024.04.24"]
[SourceVersion "1"]
[SourceVersionDate "2024.04.24"]
[SourceQuality "1"]

1. d4 Nf6 2. c4 e6 3. Nf3 d5 4. Nc3 Be7 5. Bf4 0-0 6. e3 Nbd7 7. c5 c6 8. b4 b6 9. Bd3 a5 10. a3 Ba6 11. 0-0 Bxd3 12. Qxd3 Re8 13. b5 cxb5 14. c6 Nf8 15. Nxb5 Rc8 16. Rfc1 Ng6 17. Bg3 Ne4 18. Rc2 Bd6 19. Rac1 Bxg3 20. hxg3 Ne7 21. c7 Qd7 22. Ne5 1-0

[Event "Titled Tuesday intern op 02nd Apr Early"]
[Site "Chess.com INT"]
[Date "2024.04.02"]
[Round "3"]
[White "Perossa, Nicolas"]
[Black "Kunz, Andre"]
[Result "1-0"]
[WhiteElo "2269"]
[BlackElo "2183"]
[PlyCount "111"]
[EventDate "2024.04.02"]
[EventType "swiss (blitz)"]
[EventRounds "11"]
[EventCountry "USA"]
[SourceTitle "CB15_2024"]
[SourceDate "2024.04.10"]
[SourceVersion "1"]
[SourceVersionDate "2024.04.10"]
[SourceQuality "1"]

1. Nf3 d5 2. g3 Nf6 3. Bg2 e6 4. 0-0 Be7 5. d4 0-0 6. Nbd2 c6 7. c4 Nbd7 8. b3 b6 9. Bb2 Bb7 10. Qc2 Rc8 11. Ne5 Qc7 12. f4 c5 13. e3 cxd4 14. exd4 dxc4 15. bxc4 Bxg2 16. Kxg2 Nd5 17. Qb3 N5f6 18. Rac1 Qb7+ 19. Qf3 Qa6 20. Qb3 Rfd8 21. Ndf3 Qb7 22. Rfe1 Ne4 23. Qe3 Ndf6 24. Rc2 Bb4 25. Ree2 Qa6 26. a3 Be7 27. h3 Nd6 28. Ng5 h6 29. Ngxf7 Nf5 30. Qf3 Nxd4 31. Bxd4 Rxd4 32. Ng5 Rd6 33. Ne4 Nxe4 34. Qxe4 Bf6 35. Ng4 Rf8 36. Qg6 Kh8 37. Qe4 Qxa3 38. h4 Rd3 39. Re3 Rxe3 40. Nxe3 Rd8 41. Re2 Qd3 42. Qf3 Bd4 43. Re1 Bxe3 44. Rxe3 Qxc4 45. Kh3 Rd2 46. Qa8+ Kh7 47. Qf3 Rd5 48. Rxe6 Rd3 49. Qg4 Rd7 50. Qf5+ Kh8 51. Re8+ Qg8 52. Rxg8+ Kxg8 53. Qxd7 Kh7 54. Qxa7 b5 55. Qb6 b4 56. Qxb4 1-0

[Event "Reykjavik op"]
[Site "Reykjavik"]
[Date "2024.03.16"]
[Round "3"]
[White "Kunz, Andre"]
[Black "Heer, Stephan"]
[Result "1-0"]
[WhiteElo "2197"]
[BlackElo "1987"]
[PlyCount "67"]
[EventDate "2024.03.15"]
[EventType "swiss"]
[EventRounds "9"]
[EventCountry "ISL"]
[SourceTitle "CB13_2024"]
[SourceDate "2024.03.27"]
[SourceVersion "1"]
[SourceVersionDate "2024.03.27"]
[SourceQuality "1"]

1. e4 g6 2. d4 Bg7 3. Nf3 d6 4. Bc4 e6 5. 0-0 a6 6. Re1 b5 7. Bb3 Bb7 8. a4 Nd7 9. c3 Ne7 10. Bf4 0-0 11. Nbd2 h6 12. Qe2 Rb8 13. axb5 axb5 14. h3 Re8 15. Bc2 b4 16. c4 Nc6 17. Be3 e5 18. d5 Nd4 19. Bxd4 exd4 20. Nb3 c5 21. dxc6 Bxc6 22. Nfxd4 Qb6 23. Nxc6 Qxc6 24. Na5 Qc7 25. Ba4 Re6 26. Bc6 Rb6 27. Bd5 Re8 28. Nb3 Nc5 29. Qc2 Ra6 30. Rxa6 Nxa6 31. Qd2 Nc5 32. Nd4 Rb8 33. Nb5 Qb6 34. Nxd6 1-0

[Event "Titled Tuesday intern op 12th Mar Late"]
[Site "Chess.com INT"]
[Date "2024.03.12"]
[Round "2"]
[White "Wieczorek, Oskar"]
[Black "Kunz, Andre"]
[Result "1-0"]
[WhiteElo "2491"]
[BlackElo "2197"]
[PlyCount "87"]
[EventDate "2024.03.12"]
[EventType "swiss (blitz)"]
[EventRounds "11"]
[EventCountry "USA"]
[SourceTitle "CB12_2024"]
[SourceDate "2023.10.01"]
[SourceVersion "1"]
[SourceVersionDate "2023.10.01"]
[SourceQuality "1"]

1. e4 e5 2. Nf3 Nc6 3. Nc3 Nf6 4. h3 d5 5. exd5 Nxd5 6. Bb5 Nxc3 7. bxc3 Bd6 8. 0-0 0-0 9. d4 exd4 10. cxd4 h6 11. c4 a6 12. Ba4 Qf6 13. Bb2 Qg6 14. c5 Bf4 15. Bc2 Qf6 16. Rb1 Rd8 17. d5 Ne5 18. Nxe5 Bxe5 19. Bxe5 Qxe5 20. Re1 Qf6 21. Qd3 g6 22. Qc4 Kg7 23. Rbd1 b5 24. Qb4 Bf5 25. Bb3 Re8 26. Rxe8 Rxe8 27. d6 Rd8 28. dxc7 Rxd1+ 29. Bxd1 Qe5 30. c6 Qxc7 31. Qc3+ Kg8 32. Bf3 a5 33. a3 Be6 34. Qc5 Bc4 35. Qd4 Be6 36. h4 h5 37. g3 Bc4 38. Qd7 Qe5 39. c7 Qe1+ 40. Kh2 Qxf2+ 41. Bg2 Kg7 42. c8Q Bf1 43. Qc3+ Kh7 44. Qf3 1-0

[Event "Titled Tuesday intern op 13th Feb Early"]
[Site "Chess.com INT"]
[Date "2024.02.13"]
[Round "11"]
[White "Belmonte, Diego Mariano"]
[Black "Kunz, Andre"]
[Result "0-1"]
[WhiteElo "2305"]
[BlackElo "2205"]
[PlyCount "106"]
[EventDate "2024.02.13"]
[EventType "swiss (blitz)"]
[EventRounds "11"]
[EventCountry "USA"]
[SourceTitle "CB08_2024"]
[SourceDate "2024.02.21"]
[SourceVersion "1"]
[SourceVersionDate "2024.02.21"]
[SourceQuality "1"]

1. d4 Nf6 2. Bg5 d5 3. e3 Bf5 4. Nf3 e6 5. Nbd2 Be7 6. Be2 0-0 7. 0-0 Nbd7 8. h3 h6 9. Bf4 c5 10. c4 Rc8 11. Rc1 Bh7 12. a3 cxd4 13. exd4 dxc4 14. Nxc4 Nd5 15. Bg3 N7f6 16. Re1 a6 17. Bd3 Bxd3 18. Qxd3 b5 19. Nce5 Qb6 20. Nd2 a5 21. Nb3 Rfd8 22. Rxc8 Rxc8 23. Qd2 b4 24. a4 Qa6 25. Nd3 Nd7 26. Kh1 Bf6 27. Ndc5 Nxc5 28. Nxc5 Qa7 29. Kg1 Be7 30. Ne4 Rc6 31. Be5 Qa6 32. Qd1 Qc8 33. Qg4 g6 34. h4 h5 35. Qg3 Kh7 36. Qd3 Rc1 37. Qd2 Rxe1+ 38. Qxe1 Qc2 39. Qd2 Qxd2 40. Nxd2 f6 41. Bg3 g5 42. Nb3 f5 43. hxg5 Bxg5 44. Bd6 Bc1 45. Nxa5 Bxb2 46. Nb3 Bc3 47. a5 Kg6 48. a6 Nb6 49. a7 Na8 50. Na5 Bxd4 51. Bxb4 Bxa7 52. Nc6 Bb6 53. Ne5+ Kf6 0-1

[Event "Titled Tuesday intern op 13th Feb Early"]
[Site "Chess.com INT"]
[Date "2024.02.13"]
[Round "1"]
[White "Kunz, Andre"]
[Black "Bettalli, Francesco"]
[Result "0-1"]
[WhiteElo "2205"]
[BlackElo "2300"]
[PlyCount "98"]
[EventDate "2024.02.13"]
[EventType "swiss (blitz)"]
[EventRounds "11"]
[EventCountry "USA"]
[SourceTitle "CB08_2024"]
[SourceDate "2024.02.21"]
[SourceVersion "1"]
[SourceVersionDate "2024.02.21"]
[SourceQuality "1"]

1. Nf3 g6 2. e4 c6 3. d4 d5 4. e5 Bg4 5. Be2 Nd7 6. 0-0 Bg7 7. Be3 h5 8. Nbd2 Nh6 9. c4 e6 10. Bg5 Qb6 11. Qb3 Nf5 12. Be3 0-0-0 13. c5 Qc7 14. a4 f6 15. exf6 Bxf6 16. a5 e5 17. a6 b6 18. cxb6 axb6 19. a7 Kb7 20. Ba6+ Ka8 21. Rfc1 exd4 22. Bg5 Bxg5 23. Nxg5 Nc5 24. Rxc5 bxc5 25. Ne6 Qe7 26. Qb6 Rc8 27. Bxc8 Rxc8 28. Nf4 Qc7 29. Qa6 Nd6 30. Nd3 Nb7 31. Re1 Qa5 32. Qxa5 Nxa5 33. Re7 Nb7 34. h3 Bf5 35. Ne5 Kxa7 36. Ndf3 Kb6 37. g4 hxg4 38. hxg4 Be4 39. Nxg6 Bxg6 40. Re6 Be4 41. Ne5 Na5 42. f3 Bxf3 43. Nxf3 Nc4 44. Kf2 Nxb2 45. Ne5 Nc4 46. Nd7+ Kb5 47. Rf6 Rd8 48. Ne5 Nxe5 49. g5 Ng4+ 0-1

[Event "Titled Tuesday intern op 13th Feb Early"]
[Site "Chess.com INT"]
[Date "2024.02.13"]
[Round "10"]
[White "Kunz, Andre"]
[Black "Breuil, Tristan"]
[Result "0-1"]
[WhiteElo "2205"]
[BlackElo "2305"]
[PlyCount "116"]
[EventDate "2024.02.13"]
[EventType "swiss (blitz)"]
[EventRounds "11"]
[EventCountry "USA"]
[SourceTitle "CB08_2024"]
[SourceDate "2024.02.21"]
[SourceVersion "1"]
[SourceVersionDate "2024.02.21"]
[SourceQuality "1"]

1. Nf3 Nf6 2. c4 e6 3. Nc3 c5 4. g3 Nc6 5. Bg2 d5 6. cxd5 exd5 7. d4 Be7 8. 0-0 0-0 9. Bg5 Be6 10. Rc1 Rc8 11. dxc5 Bxc5 12. e3 Be7 13. Ne2 h6 14. Bxf6 Bxf6 15. Ned4 Bg4 16. Qd2 Qd7 17. a3 b6 18. b4 a6 19. Nxc6 Rxc6 20. Rxc6 Qxc6 21. Nd4 Qd7 22. Rc1 Bh3 23. Bxh3 Qxh3 24. Rc6 Rc8 25. Qc2 Re8 26. Ne2 d4 27. Nf4 Qg4 28. Rxf6 gxf6 29. exd4 Qf3 30. Qc1 Qe4 31. d5 Qe1+ 32. Qxe1 Rxe1+ 33. Kg2 Kf8 34. Nh5 Ke7 35. Kf3 Ra1 36. d6+ Kxd6 37. Nxf6 Rxa3+ 38. Kf4 Rb3 39. Ne4+ Ke7 40. Kf5 Rxb4 41. f4 Rb5+ 42. Kg4 f5+ 43. Kf3 fxe4+ 44. Kxe4 Kf6 45. g4 Rc5 46. h3 a5 47. g5+ hxg5 48. fxg5+ Kxg5 49. h4+ Kxh4 50. Kd3 a4 51. Kd4 a3 52. Kd3 a2 53. Kd4 a1Q+ 54. Kd3 Qc3+ 55. Ke4 Qb4+ 56. Kf3 Rc3+ 57. Ke2 Qb2+ 58. Kd1 Rc1# 0-1

[Event "Titled Tuesday intern op 13th Feb Early"]
[Site "Chess.com INT"]
[Date "2024.02.13"]
[Round "2"]
[White "Kunz, Andre"]
[Black "Gurevich, Dmitry"]
[Result "0-1"]
[WhiteElo "2205"]
[BlackElo "2357"]
[PlyCount "140"]
[EventDate "2024.02.13"]
[EventType "swiss (blitz)"]
[EventRounds "11"]
[EventCountry "USA"]
[SourceTitle "CB08_2024"]
[SourceDate "2024.02.21"]
[SourceVersion "1"]
[SourceVersionDate "2024.02.21"]
[SourceQuality "1"]

1. Nf3 Nf6 2. g3 b6 3. Bg2 Bb7 4. c4 g6 5. 0-0 Bg7 6. Nc3 c5 7. e3 0-0 8. d4 cxd4 9. exd4 d5 10. b3 Nc6 11. Bf4 Na5 12. Qe2 Rc8 13. Nxd5 Nxd5 14. cxd5 Bxd5 15. Be5 f6 16. Bf4 e6 17. Rac1 Qd7 18. Rfd1 Rxc1 19. Rxc1 Rc8 20. Qd2 Rxc1+ 21. Qxc1 Qc6 22. Qxc6 Nxc6 23. Kf1 g5 24. Be3 g4 25. Nd2 Bxg2+ 26. Kxg2 f5 27. f3 h5 28. fxg4 hxg4 29. Nc4 Bxd4 30. Bd2 Kf7 31. Kf1 e5 32. Ke2 Ke6 33. Kd3 Bg1 34. Be3 Bxh2 35. Bf2 f4 36. gxf4 g3 37. Be3 g2 38. fxe5 Nxe5+ 39. Nxe5 Kxe5 40. Kc4 Kd6 41. Kb5 Kc7 42. a4 g1Q 43. Bxg1 Bxg1 44. b4 Kb7 45. a5 a6+ 46. Kc4 b5+ 47. Kb3 Bh2 48. Kc3 Bd6 49. Kb3 Kc6 50. Kc3 Kd5 51. Kb3 Kd4 52. Ka3 Kc3 53. Ka2 Kxb4 54. Kb2 Kxa5 55. Kb3 Kb6 56. Kb2 a5 57. Kb3 a4+ 58. Ka2 Ka5 59. Kb2 b4 60. Ka2 Kb5 61. Kb2 Kc4 62. Kc2 a3 63. Kb1 b3 64. Ka1 Be5+ 65. Kb1 a2+ 66. Kc1 a1Q+ 67. Kd2 Qc3+ 68. Kd1 Qc2+ 69. Ke1 Bd4 70. Kf1 Qf2# 0-1

[Event "Titled Tuesday intern op 13th Feb Early"]
[Site "Chess.com INT"]
[Date "2024.02.13"]
[Round "5"]
[White "Kunz, Andre"]
[Black "Manon Og, Ramon Jr"]
[Result "1-0"]
[WhiteElo "2205"]
[BlackElo "1950"]
[PlyCount "145"]
[EventDate "2024.02.13"]
[EventType "swiss (blitz)"]
[EventRounds "11"]
[EventCountry "USA"]
[SourceTitle "CB08_2024"]
[SourceDate "2024.02.21"]
[SourceVersion "1"]
[SourceVersionDate "2024.02.21"]
[SourceQuality "1"]

1. Nf3 Nf6 2. g3 g6 3. Bg2 d5 4. 0-0 Bg7 5. d4 0-0 6. c4 c6 7. Nc3 dxc4 8. e4 Be6 9. Ng5 Bg4 10. f3 Bc8 11. Be3 Nbd7 12. Qe2 b5 13. f4 Bb7 14. Rad1 Qa5 15. d5 cxd5 16. exd5 Rfe8 17. Bd4 Rad8 18. Qf2 Nb6 19. h3 h6 20. Nge4 Nbxd5 21. Nxf6+ Bxf6 22. Bxf6 Nxf4 23. Qxf4 Bxg2 24. Kxg2 Rxd1 25. Rxd1 exf6 26. Ne4 Re6 27. Nxf6+ Kg7 28. Ng4 Qb6 29. Qxh6+ Kg8 30. Qd2 Qc6+ 31. Kg1 Qc5+ 32. Nf2 Rf6 33. Qd8+ Kg7 34. Qd4 Qc6 35. Ng4 Qb6 36. Qxb6 Rxb6 37. Kf2 b4 38. Ne5 c3 39. bxc3 bxc3 40. Rc1 Rb2+ 41. Kf3 Rxa2 42. Rxc3 a5 43. Nc6 a4 44. Nb4 Rb2 45. Nc2 Ra2 46. g4 Rb2 47. Kf4 Rb1 48. Ra3 Rf1+ 49. Kg3 Rc1 50. Ne3 Re1 51. Kf4 Rh1 52. Kg3 Re1 53. Ng2 Re4 54. Kf3 Rb4 55. Ne3 Rd4 56. Nc2 Rc4 57. Ne3 Rb4 58. Nd5 Rd4 59. Nf4 Rb4 60. h4 Rc4 61. h5 g5 62. Nd5 Rd4 63. Ne3 Rf4+ 64. Kg3 Rb4 65. Nf5+ Kf6 66. Kf3 Rf4+ 67. Kg3 Rb4 68. h6 Re4 69. h7 Re8 70. Rxa4 Kg6 71. Ra6+ f6 72. Ra7 Rh8 73. Rg7# 1-0

[Event "Titled Tuesday intern op 13th Feb Early"]
[Site "Chess.com INT"]
[Date "2024.02.13"]
[Round "3"]
[White "Li, Hui"]
[Black "Kunz, Andre"]
[Result "1-0"]
[WhiteElo "1991"]
[BlackElo "2205"]
[PlyCount "61"]
[EventDate "2024.02.13"]
[EventType "swiss (blitz)"]
[EventRounds "11"]
[EventCountry "USA"]
[SourceTitle "CB08_2024"]
[SourceDate "2024.02.21"]
[SourceVersion "1"]
[SourceVersionDate "2024.02.21"]
[SourceQuality "1"]

1. e4 c6 2. d4 d5 3. Nd2 dxe4 4. Nxe4 Nd7 5. Nf3 Ngf6 6. Nxf6+ Nxf6 7. c3 Bg4 8. h3 Bh5 9. g4 Bg6 10. Ne5 e6 11. h4 Qd5 12. f3 Bd6 13. Bc4 Qa5 14. Bf4 0-0-0 15. h5 Bxe5 16. Bxe5 Nd7 17. Bxg7 Rhg8 18. hxg6 Rxg7 19. gxh7 Rh8 20. Qc2 Nf6 21. Bd3 Qg5 22. Qd2 Nxh7 23. Qxg5 Rxg5 24. Rxh7 Rd8 25. 0-0-0 c5 26. dxc5 Rxc5 27. Rxf7 Rh8 28. Be4 Rh2 29. Bxb7+ Kb8 30. Rd8+ Rc8 31. Rxc8# 1-0

[Event "Rilton Cup 51st"]
[Site "Stockholm"]
[Date "2023.12.31"]
[Round "5"]
[White "Citak, Selim"]
[Black "Kunz, Andre"]
[Result "1/2-1/2"]
[WhiteElo "2350"]
[BlackElo "2191"]
[PlyCount "155"]
[EventDate "2023.12.27"]
[EventType "swiss"]
[EventRounds "9"]
[EventCountry "SWE"]
[SourceTitle "CB02_2024"]
[SourceDate "2024.01.10"]
[SourceVersion "1"]
[SourceVersionDate "2024.01.10"]
[SourceQuality "1"]

1. e4 c6 2. d4 d5 3. Nc3 dxe4 4. Nxe4 Nf6 5. Nxf6+ exf6 6. c3 Bd6 7. Bd3 0-0 8. Qc2 Re8+ 9. Ne2 h6 10. 0-0 Nd7 11. Ng3 Nf8 12. Bd2 Qc7 13. Rfe1 Bd7 14. c4 Ne6 15. Bc3 Nf4 16. Bh7+ Kh8 17. Bf5 Ne6 18. Rad1 Rad8 19. Re4 Ng5 20. Rxe8+ Rxe8 21. d5 cxd5 22. cxd5 Bb5 23. Bd3 Bxd3 24. Qxd3 Nh7 25. Qb5 Rd8 26. Qa4 a6 27. Qg4 Bxg3 28. hxg3 Nf8 29. Qb4 Ne6 30. Rd2 Nc5 31. Qd4 b6 32. Kh2 Kg8 33. Bb4 a5 34. d6 Qc6 35. Bxc5 Qxc5 36. Qxc5 bxc5 37. g4 Kf8 38. b3 Ke8 39. Rd5 a4 40. bxa4 Ra8 41. Rxc5 Rxa4 42. Kg3 Rxa2 43. Rc8+ Kd7 44. Rf8 g5 45. Rxf7+ Ke6 46. d7 Rd2 47. Rh7 Rd3+ 48. f3 Rxd7 49. Rxh6 Rd2 50. Rh1 Kf7 51. Rf1 Kg6 52. Rf2 Rd4 53. Rc2 Ra4 54. Rd2 Rb4 55. Kf2 Ra4 56. g3 Rb4 57. Ke3 Rb3+ 58. Rd3 Rb1 59. f4 gxf4+ 60. gxf4 Rg1 61. Kf3 Rf1+ 62. Kg3 Rg1+ 63. Kh4 Rh1+ 64. Rh3 Ra1 65. f5+ Kg7 66. Rb3 Rh1+ 67. Kg3 Rg1+ 68. Kf4 Rf1+ 69. Ke4 Re1+ 70. Re3 Rg1 71. Kf3 Rf1+ 72. Ke4 Rg1 73. Kd5 Rxg4 74. Ke6 Rg1 75. Ke7 Rg5 76. Ke6 Rg1 77. Re4 Rg2 78. Re3 1/2-1/2

[Event "Reykjavik op"]
[Site "Reykjavik"]
[Date "2023.04.02"]
[Round "7"]
[White "Kunz, Andre"]
[Black "Williams, Simon Kim"]
[Result "0-1"]
[WhiteElo "2140"]
[BlackElo "2461"]
[PlyCount "110"]
[EventDate "2023.03.29"]
[EventType "swiss"]
[EventRounds "9"]
[EventCountry "ISL"]
[SourceTitle "CBM 213 Extra"]
[Source "ChessBase"]
[SourceDate "2023.05.31"]
[SourceVersion "1"]
[SourceVersionDate "2023.05.31"]
[SourceQuality "1"]

1. e4 g6 2. d4 Bg7 3. Nc3 d6 4. Be3 a6 5. Qd2 b5 6. h4 Nf6 7. f3 h5 8. 0-0-0 b4 9. Na4 a5 10. Bc4 Bd7 11. Bb3 Nc6 12. Nh3 e5 13. Ng5 0-0 14. dxe5 Nxe5 15. f4 Neg4 16. e5 Bxa4 17. Bxa4 Nh7 18. Bb3 Nxg5 19. hxg5 Qe7 20. Bg1 dxe5 21. f5 Rad8 22. f6 Nxf6 23. gxf6 Qxf6 24. Qe1 e4 25. c3 Rxd1+ 26. Kxd1 bxc3 27. bxc3 Qc6 28. Rh3 a4 29. Bc2 f5 30. Qe3 Qd5+ 31. Qd2 Qxa2 32. Bc5 Rb8 33. Rg3 Qc4 34. Bd4 c5 35. Bxg7 Qf1+ 36. Qe1 Rd8+ 37. Bd4 Qxe1+ 38. Kxe1 cxd4 39. cxd4 Kf7 40. Ra3 Rxd4 41. Ke2 Kf6 42. Bxa4 h4 43. Be8 Rd6 44. Rh3 g5 45. Rc3 Ke5 46. Rc6 Rxc6 47. Bxc6 g4 48. Ke3 g3 49. Bd7 h3 50. gxh3 f4+ 51. Ke2 f3+ 52. Kf1 e3 53. Bb5 Kf4 54. h4 g2+ 55. Kg1 Kg3 0-1

[Event "Reykjavik op"]
[Site "Reykjavik"]
[Date "2023.03.29"]
[Round "1"]
[White "Richter, Michael"]
[Black "Kunz, Andre"]
[Result "1-0"]
[WhiteElo "2466"]
[BlackElo "2140"]
[PlyCount "69"]
[EventDate "2023.03.29"]
[EventType "swiss"]
[EventRounds "9"]
[EventCountry "ISL"]
[SourceTitle "CBM 213 Extra"]
[Source "ChessBase"]
[SourceDate "2023.05.31"]
[SourceVersion "1"]
[SourceVersionDate "2023.05.31"]
[SourceQuality "1"]

1. Nf3 d5 2. g3 c5 3. Bg2 Nc6 4. d4 e6 5. 0-0 Nf6 6. c4 cxd4 7. Nxd4 Bc5 8. Nb3 Be7 9. cxd5 exd5 10. Nc3 Be6 11. Bg5 0-0 12. Rc1 Qb6 13. Be3 Qb4 14. a3 Qg4 15. Nd4 Qh5 16. f3 Ne5 17. Bf2 Bh3 18. Qc2 Bxg2 19. Kxg2 Rac8 20. Qf5 Bc5 21. Qxh5 Nxh5 22. Nxd5 Rfd8 23. e4 Nd3 24. Rc3 Nxf2 25. Rxf2 Bxd4 26. Rxc8 Rxc8 27. Ne7+ Kf8 28. Nxc8 Bxf2 29. Kxf2 a6 30. Ke3 Nf6 31. Kd4 Nd7 32. Kd5 Ke8 33. Nd6+ Ke7 34. Nxb7 Nb6+ 35. Kd4 1-0

[Event "Helsingor Xtracon op"]
[Site "Helsingor"]
[Date "2019.07.23"]
[Round "5"]
[White "Kunz, Andre"]
[Black "Linderod, Lars Erik"]
[Result "1-0"]
[WhiteElo "2163"]
[BlackElo "1961"]
[PlyCount "59"]
[EventDate "2019.07.20"]
[EventType "swiss"]
[EventRounds "10"]
[EventCountry "DEN"]
[SourceTitle "CBM 191 Extra"]
[Source "ChessBase"]
[SourceDate "2019.09.30"]
[SourceVersion "1"]
[SourceVersionDate "2019.09.30"]
[SourceQuality "1"]

1. e4 c5 2. c3 Nf6 3. e5 Nd5 4. d4 cxd4 5. Nf3 Nc6 6. Bc4 Nb6 7. Bb3 d5 8. exd6 Qxd6 9. 0-0 Be6 10. Na3 dxc3 11. Bxe6 Qxe6 12. Nb5 Rc8 13. Re1 Qd5 14. Nd6+ Kd7 15. Nxf7 Rg8 16. N7e5+ Ke8 17. Qe2 c2 18. Bd2 Nxe5 19. Nxe5 Nc4 20. Bc3 Nxe5 21. Bxe5 Rc6 22. Bc3 Rg6 23. g3 e6 24. Qxc2 Bc5 25. Rad1 Qc6 26. Qd3 Rf8 27. Bd4 Kf7 28. Rc1 Rd8 29. Rxc5 Qxc5 30. Qxg6+ 1-0

[Event "Berlin Cup"]
[Site "Berlin"]
[Date "2019.06.15"]
[Round "4.1"]
[White "Kunz, Andre"]
[Black "Bruchmann, Stephan"]
[Result "1/2-1/2"]
[WhiteElo "2133"]
[BlackElo "2222"]
[PlyCount "30"]
[EventDate "2019.05.05"]
[EventType "team-k.o."]
[EventRounds "5"]
[EventCountry "GER"]
[SourceTitle "EXT 2020"]
[Source "ChessBase"]
[SourceDate "2019.10.17"]
[SourceVersion "1"]
[SourceVersionDate "2019.10.17"]
[SourceQuality "1"]
[WhiteTeam "Weissensee Chemie"]
[BlackTeam "Pankow Rotation"]
[WhiteTeamCountry "GER"]
[BlackTeamCountry "GER"]

1. e4 g6 2. d4 Bg7 3. Nc3 c6 4. Nf3 d5 5. h3 Nh6 6. Bd3 f6 7. 0-0 0-0 8. Re1 Nf7 9. Bf1 Re8 10. a4 a5 11. b3 Na6 12. exd5 cxd5 13. Nb5 Bd7 14. Bb2 Bc6 15. c4 e6 1/2-1/2

[Event "Berlin Lichtenberger op 17th"]
[Site "Berlin"]
[Date "2018.08.21"]
[Round "4"]
[White "Nohr, Jonas"]
[Black "Kunz, Andre"]
[Result "1-0"]
[WhiteElo "2100"]
[BlackElo "2159"]
[PlyCount "75"]
[EventDate "2018.08.18"]
[EventType "swiss"]
[EventRounds "9"]
[EventCountry "GER"]
[SourceTitle "CBM 186 Extra"]
[Source "ChessBase"]
[SourceDate "2018.08.24"]
[SourceVersion "1"]
[SourceVersionDate "2018.08.24"]
[SourceQuality "1"]

1. d4 d5 2. Nf3 Nf6 3. c4 dxc4 4. e3 Bg4 5. Bxc4 e6 6. Nc3 a6 7. h3 Bh5 8. a4 Nc6 9. 0-0 Bd6 10. Be2 0-0 11. b3 Qe7 12. Bb2 Rad8 13. Nd2 Bg6 14. Nc4 Nb4 15. Nxd6 Qxd6 16. Ba3 c5 17. Na2 a5 18. Nxb4 cxb4 19. Bb2 Rc8 20. Bc4 Rc7 21. Qe2 Nd5 22. Rac1 Rfc8 23. Rfd1 h6 24. e4 Nb6 25. d5 exd5 26. exd5 Re7 27. Qd2 Nd7 28. Qd4 f6 29. Re1 Rce8 30. Re6 Qb8 31. Rxe7 Rxe7 32. d6+ Rf7 33. Qg4 Nf8 34. Bxf7+ Kxf7 35. Rc7+ Kg8 36. Qc4+ Kh8 37. d7 Qd8 38. Rc8 1-0

[Event "Berlin Lichtenberger op 17th"]
[Site "Berlin"]
[Date "2018.08.20"]
[Round "3"]
[White "Kunz, Andre"]
[Black "Jimenez Jimenez, Darfo"]
[Result "1-0"]
[WhiteElo "2159"]
[BlackElo "1778"]
[PlyCount "89"]
[EventDate "2018.08.18"]
[EventType "swiss"]
[EventRounds "9"]
[EventCountry "GER"]
[SourceTitle "CBM 186 Extra"]
[Source "ChessBase"]
[SourceDate "2018.08.24"]
[SourceVersion "1"]
[SourceVersionDate "2018.08.24"]
[SourceQuality "1"]

1. e4 c5 2. c3 Nf6 3. e5 Nd5 4. d4 cxd4 5. Nf3 e6 6. cxd4 d6 7. Bc4 dxe5 8. dxe5 Bb4+ 9. Nbd2 0-0 10. 0-0 Ne7 11. a3 Bxd2 12. Bxd2 Ng6 13. Qe2 Nc6 14. Bc3 b6 15. Rfd1 Qc7 16. h4 Bb7 17. Bd3 Kh8 18. Qe3 Nce7 19. Rac1 Nd5 20. Qg5 Qe7 21. Qxe7 Ngxe7 22. Bd2 h6 23. Nd4 Rac8 24. Nb5 Ba6 25. h5 Kg8 26. Bf1 Rfd8 27. Nxa7 Rxc1 28. Rxc1 Bxf1 29. Kxf1 Ra8 30. Nb5 Rc8 31. Rxc8+ Nxc8 32. a4 Nce7 33. Nd4 Kf8 34. a5 bxa5 35. Bxa5 Ke8 36. g3 Kd7 37. Ke2 Nc6 38. Nxc6 Kxc6 39. Kd3 Kb5 40. Bd2 Nb6 41. g4 Na4 42. Bxh6 Nc5+ 43. Kd4 gxh6 44. g5 Nd7 45. g6 1-0

[Event "Berlin Lichtenberger op 17th"]
[Site "Berlin"]
[Date "2018.08.18"]
[Round "1"]
[White "Kunz, Andre"]
[Black "Rehmsmeier, Marc"]
[Result "1-0"]
[WhiteElo "2159"]
[BlackElo "1735"]
[PlyCount "113"]
[EventDate "2018.08.18"]
[EventType "swiss"]
[EventRounds "9"]
[EventCountry "GER"]
[SourceTitle "CBM 186 Extra"]
[Source "ChessBase"]
[SourceDate "2018.08.24"]
[SourceVersion "1"]
[SourceVersionDate "2018.08.24"]
[SourceQuality "1"]

1. e4 e5 2. Nf3 Nc6 3. Bc4 Nf6 4. d3 Be7 5. 0-0 0-0 6. Re1 d6 7. a4 Na5 8. Ba2 c5 9. c3 Bg4 10. h3 Bh5 11. Nbd2 Kh8 12. Nf1 h6 13. Ng3 Bg6 14. Nh4 Nh7 15. Nhf5 Bg5 16. b4 cxb4 17. cxb4 Nc6 18. Ba3 Bxf5 19. Nxf5 Ne7 20. Ne3 Bxe3 21. Rxe3 f5 22. d4 fxe4 23. dxe5 d5 24. b5 Re8 25. Qg4 Qc8 26. Bxe7 Qxg4 27. hxg4 Rxe7 28. Bxd5 Rxe5 29. Bxb7 Rae8 30. Rae1 Nf6 31. f3 Kg8 32. Bxe4 Kf8 33. Kf2 Rc5 34. Bc6 Rxe3 35. Rxe3 Rc2+ 36. Re2 Rc4 37. a5 Rc5 38. Kg3 Kf7 39. Rb2 Ke7 40. Ba8 Nd7 41. Be4 Rc8 42. Bf5 Rc5 43. b6 axb6 44. Bxd7 Kxd7 45. Rxb6 Ke7 46. a6 Ra5 47. Kf4 Kf7 48. Ke4 h5 49. gxh5 Rxh5 50. g4 Ra5 51. f4 Ra4+ 52. Ke5 Ra5+ 53. Kd6 Ra4 54. Rb7+ Kf6 55. a7 Ra6+ 56. Kc7 Ra4 57. Kb8 1-0

[Event "Helsingor Xtracon op"]
[Site "Helsingor"]
[Date "2018.07.24"]
[Round "5"]
[White "Fjallheim, Leif Reinert"]
[Black "Kunz, Andre"]
[Result "0-1"]
[WhiteElo "1886"]
[BlackElo "2158"]
[PlyCount "82"]
[EventDate "2018.07.21"]
[EventType "swiss"]
[EventRounds "10"]
[EventCountry "DEN"]
[SourceTitle "CBM 185 Extra"]
[Source "ChessBase"]
[SourceDate "2018.07.29"]
[SourceVersion "1"]
[SourceVersionDate "2018.07.29"]
[SourceQuality "1"]

1. e4 c6 2. d4 d5 3. Nd2 dxe4 4. Nxe4 Bf5 5. Ng3 Bg6 6. h4 h6 7. Nf3 Nd7 8. h5 Bh7 9. Bd3 Bxd3 10. Qxd3 e6 11. Bd2 Ngf6 12. 0-0-0 Be7 13. Qe2 Qb6 14. c3 c5 15. Be3 0-0 16. Ne5 Rfd8 17. Nxd7 Rxd7 18. dxc5 Bxc5 19. Bxc5 Rxd1+ 20. Rxd1 Qxc5 21. Ne4 Nxe4 22. Qxe4 Qxf2 23. Rd7 Rb8 24. Qe5 Rc8 25. g3 a6 26. Qe4 Qxg3 27. Qxb7 Qf4+ 28. Rd2 Rd8 29. Qg2 Rd5 30. Kc2 Qf5+ 31. Kc1 Qxh5 32. c4 Ra5 33. Qe4 Qf5 34. Qa8+ Kh7 35. b3 Qe5 36. Rc2 Qa1+ 37. Kd2 Re5 38. Qf3 Qe1+ 39. Kd3 f5 40. c5 Rd5+ 41. Kc4 Qh4+ 0-1